000 00655nam a2200241Ia 4500
001 33126
005 20240114001635.0
007 ta
008 061207s1992 g b000 u 491 u
040 _aCotton College,Assam
041 _a491
082 _a891.2
_bPa 192 Va
100 _aPande, Gopal Dutta.
245 0 _aVaiyakarana Siddhanta Koumudi /
_cGopal Dutta Pande.
_hTextual Documents
250 _a1st ed. /
260 _aVaranasi :
_bChowkhamba Sanskrit Series Office ,
_c1992.
300 _a480p. ;
_c18cm.
653 _aSanskrit Grammar
653 _aMS-Sanskrit
942 _2ddc
_cBK
999 _c33108
_d33108